000 00726nam a2200193 a 4500
001 000025980
005 20200930024212.0
008 110225s2003 dr acd 000 0 spa d
040 _aDO-SdBNP
_bspa
_cBNPHU
082 _a354.49
_bR426i
110 1 _aRepública dominicana
_bCorporación Dominicana de Empresas Eléctricas Estatales
_952878
245 1 0 _aInforme estadístico anual 2003/.
246 1 4 _aInforme estadístico anual 2003
260 _aSanto Domingo :
_bDepartamento de Estadística,
_c[2003].
300 _a109 p. :
_bil., gráf., retrs. ;
_c29 cm.
650 4 _aEmpresas eléctricas
_zRepública Dominicana
_97935
650 4 _aDistribución de energía eléctrica
_zRepública Dominicana
_952879
049 _aBNPD
999 _c25472
_d25472